Deux frères - Statistiques

Statistiques générales
  • Ce quiz a été pris 166 fois
  • Le résultat moyen est 17 sur 22
Statistiques - réponses
Titres % Correct
1 Au DD
96%
8 Deux frères
91%
5 91's
87%
4 Blanka
87%
21 Capuche
86%
16 La misère est si belle
86%
6 A l'ammoniaque
81%
14 Zoulou tchaing
80%
2 Autre monde
78%
3 Chang
77%
15 Déconnecté
76%
11 Shenmue
75%
22 Frontières
73%
9 Hasta la vista
72%
17 Ryuk
68%
7 Celsius
67%
19 Sibérie
67%
13 Menace
66%
10 Coeurs
65%
18 Comme pas deux
63%
20 Bang
61%
12 Kuta ubud
61%
Aucun quiz correspondant
Distribution des résultats
% des personnes avec chaque résultat
Percentile par nombre de réponses
Votre historique - résultats
Vous n’avez pas pris ce quiz